000 00528nam a2200217Ia 4500
008 210210b2006 xxu||||| |||| 00| 0 eng d
020 _a0852260012
041 _aeng
082 _a547 MUKO
100 _aMUKHERJI (SM)
245 _aOrganic chemistry Vol.1
260 _aNew Delhi
_bNew Age International (P) Limited, Publishers
_c2006
300 _ax,457
440 _aI
650 _aVol.1
650 _aOrganic
650 _achemistry
690 _aOrganic Chemistry
700 _aSINGH (S P)
906 _a061929
999 _c115790
_d115790